000 01055 a2200229 4500
001 30174
005 20260407155613.0
008 260407a2005 arg spa d
003 AR-UNSa-BCEJYS
040 _aAR-UNSa-BCEJYS
_bspa
_cAR-UNSa-BCEJYS
080 _a330.101
_xCiencia económica en general. La economía y sus problemas. Objeto y métodos de la economía política
245 1 0 _aLa economía política de la Argentina en el siglo XX
020 _a978-950-9009-48-6
264 1 _aBuenos Aires :
_bEdhasa
_c2005
300 _a353 p.
_c22 cm.
505 _a1. El período de rápida expansión: 1880-1914 - 2. De la Primera a la Segunda Guerra Mundial - 3. La economía politica del peronismo - 4. Una sociedad conflictiva 1955-1973 - 5. La gran depresión 1974-1989
041 _aspa
942 _cBK
590 _aniveau_biblio:m niveau_hierar:0
100 1 _aCortés Conde, Roberto
856 4 1 _uhttps://biblioeco.unsa.edu.ar/pmb/images/libros/La Economia Politica de la Argentina en el Siglo XXI-l116808.jpg
_yImagen de portada
_qimage/jpeg
999 _c2042
_d2042